000 01043nac a22003011i 4500
003 EG-ScBUE
005 20250806093358.0
008 250720t1994 nyua f b 001 0 eng d
020 _a0071136282
020 _a9780071136280
040 _aEG-ScBUE
_beng
_erda
_cEG-ScBUE
_dEG-ScBUE
082 0 4 _a546
_bROD
_222
100 1 _aRodgers, Glen E.,
_d1944-
_eauthor.
245 1 0 _aIntroduction to coordination, solid state, and descriptive inorganic chemistry /
_cGlen E. Rodgers, Allegheny College.
264 1 _aNew York :
_bMcGraw-Hill, Inc.,
_c[1994]
264 4 _cc1994
300 _axviii, 545 pages :
_billustrations ;
_c26 cm.
336 _2rdacontent
_atext
_btxt
337 _aunmediated
_2rdamedia
_bn
338 _avolume
_bnc
_2rdacarrier
490 0 _aSchaum's outline series in science
504 _aIncludes bibliographical references and index.
650 7 _aCoordination compounds.
_2BUEsh
650 7 _aSolid state chemistry.
_2BUEsh
650 7 _aChemistry, Inorganic.
_2BUEsh
655 _vReading book
942 _cBB
_2ddc
999 _c4358
_d4358